| 000 | 00985cam a2200325 4500 | ||
|---|---|---|---|
| 001 | A550 | ||
| 008 | 090401t1994 xxu||||| |||| 00| 0 eng d | ||
| 035 | _a(Sirsi) u95503 | ||
| 041 | _aeng | ||
| 110 |
_aRoyal Institution of Chartered Surveyors _94900 |
||
| 245 | _aGovernment measures to tackle discrimination against disabled people | ||
| 260 |
_bRICS _c1994 |
||
| 300 | _a5pp | ||
| 350 | _a3 | ||
| 490 |
_aRICS Memorandum _vGCPPA/Report(94)16 |
||
| 520 | _aA response to a consultation paper issued by the Department of Social Security. | ||
| 650 | _aACCESS | ||
| 650 | _aBUILDING REGULATIONS PART M | ||
| 650 | _aDISABLED PEOPLE | ||
| 650 | _aDISCRIMINATION | ||
| 650 | _aDOMESTIC BUILDINGS | ||
| 650 | _aEQUAL OPPORTUNITIES | ||
| 650 | _aNON-DOMESTIC BUILDINGS | ||
| 650 |
_aRESIDENTIAL PROPERTY _96266 |
||
| 650 | _aRICS RESPONSE | ||
| 690 | _aBUILDING AND CONSTRUCTION-REGULATIONS | ||
| 690 | _aECONOMIC AND SOCIAL | ||
| 942 | _n0 | ||
| 948 | _c04/03/1997 | ||
| 999 |
_c98512 _d98512 |
||